| 000 | 00765nam a2200217 a 4500 | ||
|---|---|---|---|
| 003 | 0 | ||
| 005 | 20250228081047.0 | ||
| 008 | 100819s19uu xx 00 eng d | ||
| 050 |
_aPGS BF 637.C6 _b.P181 2010 |
||
| 100 | _aPalo, Mikayla. | ||
| 245 |
_aCoping with adolescent concerns / _cMikayla Palo. |
||
| 260 |
_a Las PiƱas City, Philippines : _bSouthville International School and Colleges, _c2010. |
||
| 300 |
_a33 pages : _billustrations ; _c28 cm. |
||
| 504 | _aIncludes bibliographical references. | ||
| 650 | _aCoping mechanisms in adolescence. | ||
| 650 | _aTeen stress management. | ||
| 650 |
_aAdolescence _vPsychology. |
||
| 650 | _aEmotional resilience in teenagers. | ||
| 650 |
_aAdolescent adjustment _vSocial aspects. |
||
| 942 |
_2lcc _cPASS |
||
| 999 |
_c98386 _d98386 |
||